Mario Characters A-Z - Statistics

General Stats
  • This quiz has been taken 94 times
  • The average score is 12 of 26
Answer Stats
Hint Answer % Correct
M Mario/Metal Mario/Morton/Muncher/Monty Mole/Moo Moo/Mallow/Megaleg/Macho Grubba/Mad Piano/Madame Brood/Mailtoad/Mechawiggler
100%
L Luigi/Lakitu/Lemmy/Larry/Ludwig/Lady Bow/Look-alike/Luma/Lumalee/Lubba
97%
B Bowser/Bowser Jr./Boo/Bob-omb/Buzzy Beetle/Birdo/Blooper/Boomerang Bro/Baby Mario/Baby Luigi/Baby Peach/Baby Daisy/Baby Rosalina/Boom Boom/Bully
95%
D Daisy/Donkey Kong/Diddy Kong/Dry Bones/Dixie Kong/Dry Bowser/Dolphin/Deep Cheep/Dino Piranha/Dark Bowser/Dimentio
89%
P Peach/Piranha Plant/Petey Piranha/Peachette/Pauline/Pink Gold Peach/Pianta/Poplin/Prince Florian/Pokey/Peewee Piranha/Prince Bully
88%
W Wario/Waluigi/Wiggler/Wendy/Wanda/Wart/Watt/Water Vellumental/Woody/Wubba/Whomp
86%
K Koopa Troopa/King Boo/Kamek/King Bob-omb/Koopa Kid/Kamella/Kammy Koopa/Kid/Knucklotec/Kingfin
77%
T Toad/Toadette/Thwomp/Talking Flower/Tippi/Topper/Toadsworth
74%
G Goomba/Gold Mario/Gooper Blooper/Geno/Glydon/Gloomtail/Gobblegut/Gobblick/Goombario/Goombella/Galmdozer/Gobblegut
68%
Y Yoshi/Yoob/Yoshi Kid/Yoofoe
63%
R Rosalina/Roy/Rocky Wrench/Rawk Hawk/Reznor/Rango/Ruined Dragon/RoboBrood
58%
S Shy Guy/Spiny/Stingby/Spike/Sugarstar/Shadow Mario/Shadow Queen/Shroob/Snifit/Sprixie Princess/Stella/Sushi/Spewart
45%
I Iggy/Ice Bro/Ice Vellumental
38%
C Chargin’ Chuck/Captain Toad/Cackletta/Cataquack/Condor/Cheep Cheep/Cookatiel/Cosmic Mario/Count Bleck/Cozette
37%
F Fire Bro/Fuzzy/FLUDD/Funky Kong/Fawful/Foo/Flurrie/Foreman Spike/Francis/Fly Guy/Fish Bone
37%
H Hammer Bro/Hisstocrat/Huey/Huhwhat/Hothead/Hoppycat/Hoppo/Harriet
28%
N Nabbit/Noki/Ninji/Nipper
23%
E Elder Princess Shroob/Eyerok/Exor/Evil Woody/Eep Cheep/Earth Vellumental/E. Gadd
22%
A Army Hammer Bro/Aster/Axem Rangers/Antasma/Anglefish/Armad
11%
O Outmaway/Olivia/Olly/O’Chunks
8%
X X-Naut
5%
Z Zip Toad/Zokket/Zombone/Zip-Zap
5%
Q Queen Bean/Queen Nimbus
3%
V Valentina/VoidCo
3%
J Johnny/Jack O’ Goomba/Jelectro
2%
U Undodog/Uncle Amiibo
2%
No matching quizzes found
Score Distribution
Percent of People with Each Score
Percentile by Number Answered
Your Score History
You have not taken this quiz